Statistics for College Football Matchups: Missouri

Click here to take the quiz!

General Stats

  • This quiz has been taken 49 times
    (8 since last reset)
  • The average score is 13 of 16

Answer Stats

# of GamesOpponentLast Meeting% Correct
14Baylor11/05/2011
100%
104Iowa State10/15/2011
100%
120Kansas11/26/2011
100%
99Kansas State09/16/2023
100%
96Oklahoma09/24/2011
100%
15Arkansas11/24/2023
86%
104Nebraska10/30/2010
86%
53Oklahoma State12/31/2018
86%
*14South Carolina10/21/2023
86%
24Texas12/27/2017
86%
16Texas A&M10/16/2021
86%
16Vanderbilt09/30/2023
86%
75Colorado10/09/2010
71%
24Illinois09/04/2010
71%
18Drake11/06/1931
14%
23SMU10/05/1996
14%

Score Distribution

Percentile by Number Answered

Percent of People with Each Score

Your Score History

You have not taken this quiz since the last reset